PlayStation Exclusives - Statistics

General Stats
  • This quiz has been taken 895 times
  • The average score is 11 of 30
Answer Stats
Hint Answer % Correct
Greek God, Violent God of War
97%
Clickers, Joel, Ellie The Last of Us
96%
Thief, Nathan Drake, Adventure Uncharted
88%
Lombax and Robot Friend Ratchet and Clank
69%
Doc Oc, MJ, J Jonah Jameson Spider-Man
68%
Old Japan Ghost of Tsushima
63%
Sackboy, Create Little Big Planet
56%
Three Androids, Choose your path Detroit Become Human
50%
Cloud, Giant Sword, Remake Final Fantasy 7 Remake
50%
Dark Souls, Hunters Bloodborne
49%
(Upcoming) Wizards, Magic, JK Rowling Hogwarts Legacy
49%
Aloy, ThunderJaw Horizon Zero Dawn
48%
Free Game that comes with PS5, Robot Astro's Playroom
39%
Defeat Giant Bosses, Wander Shadow of the Colossus
36%
Ryu, Brawl Street Fighter 5
36%
JRPG, Anime, Japanese High Schoolers Persona 5
35%
Dark Souls, Original, Phalanx Demon Souls
33%
Wendigos, Mountain, Choices Until Dawn
24%
Extremely Detailed Baseball Game MLB The Show
22%
Delsin, Good or Evil Infamous Second Son
18%
PlayStation version of Smash Bros PlayStation All Stars Battle Royale
16%
Cyber Errol, Side Kick, PS2, Ottsel Jak and Daxter
15%
Heists, Animals, Around the World Sly Cooper
14%
Ancient Ruins, Trico The Last Guardian
14%
Imp, Art's Dream Dreams
12%
Racing, PS4, Tons of Trophies Drive Club
5%
Colt, Assassin, Blackreef Deathloop
4%
Golf Island, Suzuki, Fishing Everybody's Golf
4%
Racing, Great Music, PS1 Ridge Racer Type 4
4%
Future, Animals Rule, Robotic Dogs Tokyo Jungle
2%
No matching quizzes found
Score Distribution
Percent of People with Each Score
Percentile by Number Answered
Your Score History
You have not taken this quiz